000 01045aam a2200337 i 4500
001 768714001
003 CO-MdFUSB
005 20250910125557.0
007 ta
008 160528t1988 sp bbdef |||| 00| 0 spa d
020 _a84-285-1044-X
040 _aCO-MdFUSB
_bEspañol
_cCO-MdFUSB
_dCO-MdFUSB
041 0 _aspa
082 0 4 _223
_a220.546
_bS67847c
245 0 3 _aLa Biblia Latinoamericana
_c/ coeditores San Pablo , Verbo Divino
250 _avigésimo octava edición
264 1 _aMadrid, España
_b : San Pablo,
_c[1995]
264 4 _c©1995
300 _a619 páginas
336 _2rdacontent
_atexto
_btxt
337 _2rdamedia
_asin mediación
_bn
338 _2rdacarrier
_avolumen
_bnc
500 _aTraducida, presentada y comentada para las comunidades cristianas de Latinoamérica y para los que buscan a Dios.
505 _aBiblia de estudio.
563 _aPasta dura
653 _aBiblia
710 _aSan Pablo,
_911946
_eeditor
710 _aVerbo Divino,
_911947
_eeditor
942 _cREF
945 _aJTF-925
999 _c31644
_d31644